|
|
|
|
| LEADER |
00000nab a2200000 a 4500 |
| 001 |
vtls000915721 |
| 003 |
SK-MaSNL |
| 005 |
20260514084505.0 |
| 008 |
040720e19920921xo 0 slo |
| 035 |
|
|
|a KE24604
|
| 040 |
|
|
|a KEVKJB
|b slo
|c KEVKJB
|e AACR2
|
| 041 |
0 |
|
|a slo
|
| 044 |
|
|
|a xo
|c SK
|
| 080 |
|
|
|a 352.075.1
|2 1981
|
| 080 |
|
|
|a 929
|2 1981
|
| 100 |
1 |
|
|a Gallo, Igor,
|d 1936-2019
|4 aut
|9 85732
|
| 245 |
1 |
0 |
|a Ako to vyzerá a môže vyzerať v bielom dome
|b Primátor sa drží ako kliešť
|
| 590 |
|
|
|a Kopnický, Ján 1945-,
|b architekt, primátor, 7.8.1945-,
|
| 600 |
1 |
7 |
|a Kopnický, Ján,
|d 1945-
|2 KEVKJB
|9 30343
|
| 650 |
0 |
7 |
|a magistráty
|2 KEVKJB
|9 880976
|
| 650 |
0 |
7 |
|a rezignácia
|2 KEVKJB
|9 31544
|
| 650 |
0 |
7 |
|a úvahy
|2 KEVKJB
|9 103754
|
| 651 |
|
7 |
|a KE,
|2 KEVKJB
|9 877256
|
| 655 |
|
7 |
|a periodikum
|2 snkbucl
|9 29553
|
| 773 |
0 |
8 |
|t Košický večer
|g Roč. 3
|g Roč. 28, č.185, 21.9.1992, s. 1
|
| 852 |
|
|
|a ZVYKNI
|b KIS3GCP
|
| 999 |
|
|
|c 2925224
|d 2927154
|